Nuevas metas de la dirección / (Registro nro. 6160)
[ vista simple ]
| 000 -LEADER | |
|---|---|
| fixed length control field | 01145nam a2200253Ia 4500 |
| 008 - FIXED-LENGTH DATA ELEMENTS--GENERAL INFORMATION | |
| fixed length control field | 191128s9999 xx 000 0 und d |
| 082 ## - DEWEY DECIMAL CLASSIFICATION NUMBER | |
| Classification number | 658 .409 |
| 082 ## - DEWEY DECIMAL CLASSIFICATION NUMBER | |
| Item number | G539n |
| 100 ## - MAIN ENTRY--PERSONAL NAME | |
| Personal name | Given, Willian B., autor |
| 245 #0 - TITLE STATEMENT | |
| Title | Nuevas metas de la dirección / |
| 245 #0 - TITLE STATEMENT | |
| Statement of responsibility, etc. | Given William B. ; traducción al español de: Sergio Pitol |
| 250 ## - EDITION STATEMENT | |
| Edition statement | Primera edición |
| 260 ## - PUBLICATION, DISTRIBUTION, ETC. | |
| Place of publication, distribution, etc. | México |
| 260 ## - PUBLICATION, DISTRIBUTION, ETC. | |
| Name of publisher, distributor, etc. | Editorial Herrero Hnos. Sucs |
| 260 ## - PUBLICATION, DISTRIBUTION, ETC. | |
| Date of publication, distribution, etc. | 1960 |
| 300 ## - PHYSICAL DESCRIPTION | |
| Extent | 196 páginas |
| 300 ## - PHYSICAL DESCRIPTION | |
| Dimensions | 24 cm |
| 505 ## - FORMATTED CONTENTS NOTE | |
| Formatted contents note | Principios de intervencionismo -- Intervenir para ayudar a la gente -- Algunos problemas específicos y algunas oportunidades del intervencionismo -- El intervencionismo en la comunidad |
| 520 ## - SUMMARY, ETC. | |
| Summary, etc. | Este libro es una escuela de una obra ampliamente conocida: La administración de la base hacia arriba. Su autor, un prominente técnico en asuntos de administración; describe aquí algunos de los métodos de dirección que tan buen resultado han dado a su em |
| 534 ## - ORIGINAL VERSION NOTE | |
| Introductory phrase | Reaching out in management |
| 546 ## - LANGUAGE NOTE | |
| Language note | Traducido del inglés |
| 650 ## - SUBJECT ADDED ENTRY--TOPICAL TERM | |
| Topical term or geographic name entry element | Administración de personal-- |
| 799 ## - LOCAL ADDED ENTRY--UNIFORM TITLE (RLIN) | |
| Uniform title | Pitol, Sergio, traductor |
| Withdrawn status | Lost status | Materials specified (bound volume or other part) | Damaged status | Not for loan | Collection code | Home library | Current library | Date acquired | Total Checkouts | Full call number | Barcode | Date last seen | Copy number | Price effective from | Koha item type |
|---|---|---|---|---|---|---|---|---|---|---|---|---|---|---|---|
| Donación--15/04/2018-- | Biblioteca Pública José María del Castillo y Rada | Biblioteca Pública José María del Castillo y Rada | 11/28/2019 | 658 .409 G539n | 430012107 | 05/16/2024 | Ej.1 | 11/28/2019 | Books |